000 00467pab a2200169 454500
008 180718b1999 xxu||||| |||| 00| 0 eng d
100 _aNela, Naim
245 _aCredit management for rural development: Albania, a special case
260 _c1999
300 _ap.167-77
362 _aMay
650 _aRural development - Albania
650 _aRural development
700 _aMarshall, David
773 _aPublic Administration and Development
909 _a41135
999 _c41135
_d41135